00709nam a2200181Ia 4500001000900000003000500009005001700014008004100031010001100072040001800083100006400101245016700165260007900332300001000411500003800421650001000459700005800469dia_4182CHAP20251029164238.0220117s1980 xx 000 0 und d a174815 cCHAPamxchpua aInstituto nacional de investigaciones agrícolas. México aCombate de avena silvestre avena Fauta L. en el cultivo del trigo en el Valle del Humaya, Sinaloa /c Instituto nacional de investigaciones agrícolas. México aMéxico :b Campo agrícola experimental del Valle de Culiacán,c1980 a20 p. aS/c (Folleto para productores, 8) aAvena aCampo agrícola experimental del Valle de Culiacán